000 00448nam a2200145Ia 4500
008 230917s9999||||xx |||||||||||||| ||und||
040 _e171755
_aMAIN
041 _aEnglish
082 _a891.437731 PM273A
100 _aपाटिल, मधुसूदन
245 0 _aअथ व्यंगयम्
260 _aदिल्ली
_bसस्ता साहित्य भण्डार
_c1981
300 _a92 पृ. p.
942 _cHN
999 _c223039
_d223039